00566nam a2200157 a 450000500170000000800410001702000180005805000180007610000210009424500680011526000390018330000220022252001170024465000260036165000210038720140412111243.0010808s19uu xx 00 eng d a0-590-46193-1 aERbFu95 1993 aJensen, Patricia aA Funny Man /cby Patricia Jensen; illustrated by Wayne Becker. aNew York :bScholastic Inc,c1993. a1v. (unp.) ; ill. aA funny man with a funny smile, funny car, and funny crocodile likes to do things just a little bit differently. aIndividuality-Fiction aStories in rhyme